Catálogo
 En Linea

Análisis matemático avanzado : (Registro nro. 39374)

Detalles MARC
000 -CABECERA
campo de control de longitud fija 00577nam a2200181 a 4500
001 - NÚMERO DE CONTROL
campo de control 000039884
005 - FECHA Y HORA DE LA ÚLTIMA TRANSACCIÓN
campo de control 20201002033805.0
008 - DATOS DE LONGITUD FIJA--INFORMACIÓN GENERAL
campo de control de longitud fija 130726s1990 mx d 000 0 spa d
020 ## - NÚMERO INTERNACIONAL ESTÁNDAR DEL LIBRO
Número Internacional Estándar del Libro 9681818326
040 ## - FUENTE DE LA CATALOGACIÓN
Centro catalogador/agencia de origen DO-SdBNP
Lengua de catalogación spa
Centro/agencia transcriptor BNPHU
082 ## - NÚMERO DE LA CLASIFICACIÓN DECIMAL DEWEY
Número de clasificación xxx
100 1# - ENTRADA PRINCIPAL--NOMBRE DE PERSONA
Nombre de persona Reddy, J. N.
9 (RLIN) 66094
240 10 - TÍTULO UNIFORME
Título uniforme Advanced engineering analysis
Lenguaje de la obra español
245 10 - MENCIÓN DE TÍTULO
Título Análisis matemático avanzado :
Resto del título con aplicaciones a ingeniería y ciencias /
Mención de responsabilidad, etc. J. N. Reddy , M. L. Rasmussen.
260 ## - PUBLICACIÓN, DISTRIBUCIÓN, ETC.
Lugar de publicación, distribución, etc. México :
Nombre del editor, distribuidor, etc. Limusa,
Fecha de publicación, distribución, etc. 1990.
300 ## - DESCRIPCIÓN FÍSICA
Extensión 547 p.: ;
Dimensiones 23 cm.
700 1# - PUNTO DE ACCESO ADICIONAL--NOMBRE DE PERSONA
Nombre de persona Rasmussen, M. L.
9 (RLIN) 66095
Existencias
Estado de retiro Estado de pérdida Restricciones de uso No para préstamo Código de colección Localización permanente Ubicación/localización actual Ubicación en estantería Fecha de adquisición Número de inventario Total de préstamos Signatura topográfica completa Código de barras Fecha visto por última vez Precio válido a partir de Tipo de ítem Koha
      Excluido de préstamo Monografías: Libros y Folletos General General En catalogación 26.07.2013 LF1   xxx 39884-10 25.06.2020 25.06.2020 No se presta

Con tecnología Koha